La excepción de principialidad /

Contiene: Prolegómenos filosófico-jurídicos a la excepción de principialidad; concepción de la corte constitucional sobre los principios generales del derecho; naturaleza de la excepción de principialidad.

Guardado en:
Detalles Bibliográficos
Autor principal: Estrada Vélez, Sergio Iván (autor)
Formato: Libro
Idioma:Español
Publicado: Bogotá, Colombia : Temis, 2000, c2000
Temas:
Etiquetas: Agrega una etiqueta
Sin etiquetas, Sé el primero en etiquetar este registro!

MARC

LEADER 00000nam^a2200000^a^4500
001 000136669
005 20250521000000.0
009 20260310095326.397
020 |a 958-35-0322-3 
037 |a Acervo ITESO - Biblioteca 
041 |a ESP 
082 |a 340. 11  |b EST 
100 |a Estrada Vélez, Sergio Iván  |e (autor) 
245 1 3 |a La excepción de principialidad /  |c S.I. Estrada Vélez. 
264 4 |a Bogotá, Colombia :  |b Temis,  |c 2000, c2000 
300 |a 157 p. 
336 |a texto  |b txt  |2 rdacontenido 
337 |a sin mediación  |b n  |2 rdamedio 
338 |a volumen  |b nc  |2 rdasoporte 
520 |a Contiene: Prolegómenos filosófico-jurídicos a la excepción de principialidad; concepción de la corte constitucional sobre los principios generales del derecho; naturaleza de la excepción de principialidad. 
649 |a XX 
650 |a Derecho Constitucional -  |x Teoría 
650 |a Derecho Federal 
650 |a Derecho -  |x Teoría 
910 |a Fondo General 
920 |a Impresos - Libros 
930 |a Colección General 
905 |a 101 
901 |a 0500065402  |b IT1  |c ACC  |u 20250521 
902 |a https://opac.biblio.iteso.mx/vufind/Record/000136669